000 00654nam a22001817a 4500
003 OSt
005 20120302151347.0
008 091103t xxu||||| |||| 00| 0 eng d
035 _a१५८०८
040 _cमराठी
100 _aपोंक्षे, वंदना
_99605
222 _aउद्योजक/ चरित्र/ उद्योगपती
245 _aराष्ट्रनिष्ठ उद्योजक श्री. वालचंद हिराचंद
250 _a१ ली
260 _aपुणे
_bरविराज
_c१९६३
300 _b५२ पाने
942 _2ddc
_cBOOK
999 _c494380
_d494377